Statystyki dla Państwa których język urzędowy to "portugalski"

Kliknij tutaj aby rozwiązać quiz!

Ogólne statystyki

  • Ten quiz został rozwiązany 30 razy
  • Średni wynik to 6 z 9

Statystyki odpowiedzi

Afryka% Poprawnych
Portugalia
100%
Brazylia
93%
Angola
79%
Mozambik
59%
Republika Zielonego Przylądka
59%
Gwinea Bissau
48%
Gwinea Równikowa
45%
Wyspy Świętego Tomasza i Książęca
45%
Timor Wschodni
41%

Rozkład punktacji

Percentyl według liczby udzielonych odpowiedzi

Procent ludzi z każdym wynikiem

Twoja historia wyników

Nie rozwiązałeś tego quizu